Ravenclaw sudden death - Statistics

General Stats
  • This quiz has been taken 18 times
  • The average score is 7 of 11
Answers on the Grid
Answers color-coded by a green-red scale on the quiz's grid according to % correct below.
Myrtle Warren
Bill Weasley
Luna Lovegood
Sybill Trelawney
James Potter
Rubeus Hagrid
Cho Chang
Remus Lupin
Pomona Sprout
Gilderoy Lockhart
Cedric Diggory
Marietta Edgecombe
Fat Friar
Padma Patil
Parvati Patil
Millicent Bagnold
Marcus Belby
Roger Davies
Colin Creevey
Michael Corner
 
Answer Stats
Answer % Correct
Cho Chang
100%
Luna Lovegood
86%
Myrtle Warren
79%
Gilderoy Lockhart
64%
Marietta Edgecombe
64%
Padma Patil
64%
Michael Corner
57%
Roger Davies
57%
Sybill Trelawney
57%
Marcus Belby
50%
Millicent Bagnold
50%
No matching quizzes found
Score Distribution
Percent of People with Each Score
Percentile by Number Answered
Your Score History
You have not taken this quiz